000 00514nam a2200205Ia 4500
005 20240402092531.0
008 131103s9999 xx 000 0 und d
020 _a8185392005
040 _aLoreto College
041 _aEnglish
082 _a425
_bBIR
100 _aBirley, Rosalind
245 _aImprove your english
_cRosalind Birley
260 _aNew Delhi
_bUniversity Book Stall
_c1992
300 _a144 p.
504 _aIncludes index
650 _aEnglish grammar
850 _aLCBED
942 _cBK
999 _c28003
_d78482